Classroom management : Creating, positive learning, environments

Bibliographic Details
Main Author: Goh Swee Chiew
Format: Book
Published: Singapore : Prentice Hall , 2002
Subjects:

MARC

LEADER 00000cam a2200000 7i4500
001 0000015783
005 20050919.0
020 |a 9814096822 
040 |a INS 
090 0 0 |a LB3013   |b G64 2002 
100 1 |a Goh Swee Chiew 
245 0 0 |a Classroom management :   |b Creating, positive learning, environments   |c Goh Swee Chiew 
260 |a Singapore :   |b Prentice Hall ,   |c 2002 
300 |a xiii :   |b 143p ;   |c 24cm. 
650 0 0 |a Classroom management   |z Singapore 
999 |a 0000015593   |b BOOK   |c Open Shelf   |e Default branch